| 000 | 00372nam a2200133Ia 4500 | ||
|---|---|---|---|
| 005 | 20260326100040.0 | ||
| 008 | 260326s9999||||xx |||||||||||||| ||und|| | ||
| 100 | _aLeitch, William C. | ||
| 245 | 0 |
_aHand-Hewn : _b The art of Building your own cabin / _cWilliam C. Leitch |
|
| 260 | _bChronicle Books | ||
| 300 | _a118 p. | ||
| 650 | _aARQUITECTURA RESIDENCIAL | ||
| 942 | _cBK | ||
| 999 |
_c6956 _d6956 |
||